| 000 | 00000nam 2200000zi 4500 |
| 001 | 9.940800 |
| 003 | CaOODSP |
| 005 | 20240719162928 |
| 006 | m o d f |
| 007 | cr |n||||||||| |
| 008 | 240719s2018 oncab ob f100 0 eng d |
| 040 | |aCaOODSP|beng|erda|cCaOODSP |
| 043 | |an-cn--- |
| 086 | 1 |aR104-18/2018E-PDF |
| 110 | 2 |aStratos Inc.|eauthor, |econsultant. |
| 245 | 10|aNorthern Housing Forum 2018 : |bforum summary report / |csubmitted to: Jennifer Sokol, Polar Knowledge Canada ; prepared by: Stratos, Inc. |
| 246 | 37|aNorthern Housing Forum : |bmeeting summary report |
| 264 | 1|a[Ottawa] : |bPolar Knowledge Canada, |c[2018] |
| 300 | |a1 online resource (28 pages) : |bcolour illustrations, colour maps |
| 336 | |atext|btxt|2rdacontent |
| 337 | |acomputer|bc|2rdamedia |
| 338 | |aonline resource|bcr|2rdacarrier |
| 500 | |a"Date of submission: August 23, 2018"--cover page. |
| 500 | |aCover title. |
| 500 | |aIssued also in French under title: Conférence sur le logement dans le Nord de 2018 : rapport sommaire de la conférence. |
| 504 | |aIncludes bibliographical references. |
| 650 | 0|aHousing|zCanada, Northern|vCongresses. |
| 710 | 2 |aPolar Knowledge Canada, |eissuing body. |
| 711 | 2 |aNorthern housing forum |d(May 2018 : |cYellowknife, NT) |
| 775 | 08|tConférence sur le logement dans le Nord de 2018 : |w(CaOODSP)9.940806 |
| 856 | 40|qPDF|s4.04 MB|uhttps://publications.gc.ca/collections/collection_2024/polaire-polar/R104-18-2018-eng.pdf |